000 01233cam a2200325 4500
001 1735682
003 ARRUPE
005 20150910150100.0
008 730509s1973 ne 000 0 eng
010 _a 74135109
015 _aNe73-11
020 _a9027701938
040 _aDLC
_cDLC
_dDLC
041 1 _aeng
_hrus
050 0 0 _aBC135
_b.Z78 1973
082 0 0 _a501 s
_a511/.3
100 1 _aZinoviev, Aleksandr,
_d1922-2006.
_919775
240 1 0 _aOsnovy logicheskoĭ teorii nauchnykh znaniĭ.
_lEnglish
245 1 0 _aFoundations of the logical theory of scientific knowledge (complex logic).
_c[By] A. A. Zinovʹev. [Translated from the Russian by T. J. Blakeley]. Appendix by G. A. Smirnov, E. A. Sidorenko, A. M. Fedina and L. A. Pobrova.
250 _aRevised and enlarged English ed.
260 _aDordrecht,
_bReidel,
_c[1973]
300 _axxii, 301 p.
_c23 cm.
350 _afl72.00
440 0 _aBoston studies in the philosophy of science,
_vv. 9
_919776
490 0 _aSynthese library
500 _aRevised translation of Osnovy logicheskoĭ teorii nauchnykh znaniĭ.
650 0 _aLogic, Symbolic and mathematical.
_919777
906 _a7
_bcbc
_corignew
_d2
_encip
_f19
_gy-gencatlg
942 _2lcc
_cMONOGRAPH
999 _c123386
_d123386